Normal view MARC view
  • Social Landlords Crime and Nuisance Group

Entry Corporate Name

Number of records used in: 1

001 - CONTROL NUMBER

  • control field: 5348

003 - CONTROL NUMBER IDENTIFIER

  • control field: OSt

005 - DATE AND TIME OF LATEST TRANSACTION

  • control field: 20190806150242.0

008 - FIXED-LENGTH DATA ELEMENTS

  • fixed length control field: 070917n| acannaabn |n ana d

040 ## - CATALOGING SOURCE

  • Original cataloging agency: OSt
  • Transcribing agency: OSt

110 2# - HEADING--CORPORATE NAME

  • Corporate name or jurisdiction name as entry element: Social Landlords Crime and Nuisance Group

670 ## - SOURCE DATA FOUND

  • Source citation: Respect standard for housing management, 2007